| 000 | 00371nam a2200157Ia 4500 | ||
|---|---|---|---|
| 003 | Ost | ||
| 005 | 20260225132556.0 | ||
| 008 | 260225s9999||||xx |||||||||||||| ||und|| | ||
| 040 | _cfsic | ||
| 041 | _afre | ||
| 082 | _a440 | ||
| 100 |
_aSeddik Taouti _eAuteur |
||
| 245 | 0 | _aLes Deportes algériens en nouvelle-caledonie / | |
| 245 | 0 | _cSeddik Taouti | |
| 942 | _cكتاب | ||
| 999 |
_c34457 _d34457 |
||